| 000 | 00586nam a2200217Ia 4500 | ||
|---|---|---|---|
| 005 | 20241129120217.0 | ||
| 008 | 241129s9999||||xx |||||||||||||| ||und|| | ||
| 020 | _a9780349104522 | ||
| 037 | _aTB | ||
| 040 |
_aSDCL _beng _cSDCL |
||
| 041 |
_aeng _2eng |
||
| 084 |
_aBxM87, N1 LR _qSDCL |
||
| 100 |
_aKanigel Robert _9518641 |
||
| 245 | 0 | _aMan who knew infinity: A life of the genius Ramanujan | |
| 260 |
_aLondon _bAbacus _c1991 |
||
| 300 | _aix,438p. | ||
| 365 |
_aINR _b599 |
||
| 650 | _aReference | ||
| 942 |
_cTB _hBxM87, N1 LR |
||
| 999 |
_c1233819 _d1233819 |
||